| 000 | 01248nam a22002777a 4500 | ||
|---|---|---|---|
| 001 | BD-DhSAU 8981 | ||
| 003 | BD-DhSAU | ||
| 005 | 20181223132415.0 | ||
| 008 | 150613b2007 bg a|||| m||| 00| 0 eng d | ||
| 040 | _aBD-DhSAU | ||
| 082 |
_222 _a635 _bQ22 |
||
| 100 |
_aQuader, Kazi Abdul _eRegistration # 02182 |
||
| 245 |
_aEffect of sowing time and fertilizers on growth and yield of Indian spinach (Basella alba L.) / _bMS thesis _cKazi Abdul Quader, |
||
| 260 |
_aSher-e-Bangla Agricultural Uniersity : _bDepartment of Horticulture and Postharvest Technology, _c2007. |
||
| 300 |
_axiii, 70 p. : _bill. ; _c29 cm. |
||
| 500 | _aMS thesis of Department of Horticulture and Postharvest Technology , Faculty of Agriculture, Sher-e-Bangla Agricultural University, Dhaka, Bangladesh | ||
| 504 | _aIncludes bibliographical reference. | ||
| 590 | _aerfat | ||
| 650 | _aHorticulture and postharvest economy | ||
| 650 | _aEffect of sowing time and fertilizers on growth and yield | ||
| 650 | _a Indian spinach (Basella alba L.) | ||
| 700 |
_a Mahtabuddin, A K M _eSuperviser |
||
| 700 |
_aAkand, Hasznuzzaman _eCo-superviser |
||
| 856 | _uhttp://archive.saulibrary.edu.bd:8080/xmlui/handle/123456789/1122 | ||
| 942 |
_2ddc _cTHESIS |
||
| 999 |
_c8981 _d8981 |
||